Programy cezhraničnej spolupráce ako nástroj rozvoja cestovného ruchu

Cestovný ruch je faktorom regionálneho rozvoja a ako dôležitý sektor hospodárstva má pozitívne účinky aj na ďalšie oblasti národného hospodárstva. Pohraničné regióny v rámci Európskej únie významne prispievajú k sociálno-ekonomickej prosperite Európy. Identifikácia vplyvu vybraného programu cezhrani...

Ausführliche Beschreibung

Gespeichert in:
Bibliographische Detailangaben
1. Verfasser: Kvasnová, Diana
Weitere Verfasser: Blaščáková, Jana
Format: Buchkapitel
Sprache:Slowakisch
Schlagworte:
Tags: Tag hinzufügen
Keine Tags, Fügen Sie das erste Tag hinzu!

MARC

LEADER 00000naa a2200000 4500
001 0312511
005 20250929111708.7
041 0 |a slo 
044 |a SK 
245 1 0 |a Programy cezhraničnej spolupráce ako nástroj rozvoja cestovného ruchu  |c Diana Kvasnová, Jana Blaščáková 
520 |a Cestovný ruch je faktorom regionálneho rozvoja a ako dôležitý sektor hospodárstva má pozitívne účinky aj na ďalšie oblasti národného hospodárstva. Pohraničné regióny v rámci Európskej únie významne prispievajú k sociálno-ekonomickej prosperite Európy. Identifikácia vplyvu vybraného programu cezhraničnej spolupráce Európskej únie na rozvoj cestovného ruchu na Slovensku. 
610 2 0 |a ruch cestovný 
610 2 0 |a rozvoj regionálny 
610 2 0 |a spolupráca regionálna 
610 2 0 |a regióny 
610 2 0 |a Slovensko 
610 2 0 |a Európska únia 
100 1 |a Kvasnová, Diana 
700 1 |a Blaščáková, Jana